000 01304nam a22003617a 4500
001 356
003 FISKH
005 20230328162824.0
008 230328b cb ||||| |||| 00| 0 eng d
020 _a0590623990
040 _aDLC
_cDLC
_dDLC
_dFISKH
_beng
042 _alcac
050 0 0 _aPS3525.E639
_bB25 1995
082 0 0 _a811/.54
_220
100 1 _aMerriam, Eve,
_d1916-1992.
245 1 0 _aBam, bam, bam /
_cwritten by Eve Merriam ; illustrated by Dan Yaccarino.
250 _aFirst Scholastic Printing, January 1996
260 _aNew York :
_bScholastic.
_c1996.
300 _a16 leaves of plates :
_bcol. ill. ;
_c26 cm.
500 _a"A Bill Martin book."
505 _aD
520 _aIn this noisy poem, a wrecking ball demolishes old houses and stores to make way for a skyscraper.
521 8 _a250
_bLexile estimate
521 8 _aD
_bRaz-Plus estimate
650 0 _aWrecking
_xJuvenile poetry.
650 0 _aChildren's poetry, American.
650 1 _aWrecking
_xPoetry.
650 1 _aAmerican poetry.
700 1 _aYaccarino, Dan,
_eill.
906 _a7
_bcbc
_corignew
_d1
_eocip
_f19
_gy-gencatlg
942 _2ddc
_cBK
_n0
999 _c356
_d356